Normal view
MARC view
- ISLAM-SAHABA-E-KARAM KA AEHAD-E-ZARIAN
Entry Topical Term
001 - CONTROL NUMBER
- control field: 79511
003 - CONTROL NUMBER IDENTIFIER
- control field: NUST
005 - DATE AND TIME OF LATEST TRANSACTION
- control field: 20210628210452.0
008 - FIXED-LENGTH DATA ELEMENTS
- fixed length control field: 210628|| aca||aabn | a|a d
040 ## - CATALOGING SOURCE
- Original cataloging agency: NUST
- Transcribing agency: NUST
150 ## - HEADING--TOPICAL TERM
- Topical term or geographic name entry element: ISLAM-SAHABA-E-KARAM KA AEHAD-E-ZARIAN
670 ## - SOURCE DATA FOUND
- Source citation: Work cat.: (NUST): Muhammad Mian, Syed Syed Muhammad Mian 79510, Sahaba-e-karam ka aehad-e-zarian misaali hakoomtain, 1999
